| 000 | 01492 a2200253 4500 | ||
|---|---|---|---|
| 005 | 20080911104633.0 | ||
| 008 | 080911t xxu||||| |||| 00| 0 hin d | ||
| 010 | _aHIN-79587 | ||
| 020 |
_c225.00 _a8126312807 |
||
| 035 | _aHN-51934 | ||
| 035 | _aB-317875 | ||
| 037 | _bD.B.Act / pub | ||
| 082 | _a230.1 | ||
| 100 | _aपोद्दार, वासुदेव | ||
| 245 |
_aरामायण-महाभारतःकाल,इतिहास,सिद्धान्त _cवासुदेव पोद्दार |
||
| 246 | _aRamayana-Mahabharata:kal,Itihas,Sidhant | ||
| 260 |
_aनई दिल्ली _bभारतीय ज्ञानपीठ _c2006 |
||
| 270 |
_a18,इंस्टीट्यूशनल एरिया, लोदी रोड _bनई दिल्ली _e110003 |
||
| 300 |
_a282पृ _c22 सेमी (सजिल्द) |
||
| 490 | _a(लोकोदय ग्रंथमालाःग्रंथांक 842) | ||
| 942 |
_adpl _cHN _k230.1 / पोद्दार _2ddc _h230.1 _m पोद्दार |
||
| 999 |
_c3030 _d3030 |
||